Dum Assertiones Ex Universa Theologia In Alma, Ac Celeberrima Archi-Episcopali Societatis Jesu Universitate Tyrnaviensi, Anno Salutis M. DCC. LIX. Mense Julio, die

Bibliographic Details
Main Authors: Schmitth, Miklós, 1707-1767 (Author), Roman, Juraj, 1712-1770 (Author)
Corporate Author: Akademická tlačiareň (Trnava, Slovensko) (Printer)
Other Authors: Nunkovics, Georgius (Dissertant, Dedicator)
Format: Book
Language:Latin
PhysicalDescription:[16] s. 17 cm
Published: [Trnava] [Akademická tlačiareň] Anno Salutis M. DCC. LIX. [=1759]
Subjects:

MARC

LEADER 00000cam a2200000 a 4500
001 vtls001287608
003 SK-MaSNL
005 20260301234921.0
008 970520s1759 xo 0 lat
015 |a SNBHFA 
035 |a SNK000239189 
040 |a SNK  |b slo  |c SNK  |e AACR2 
041 0 |a lat 
044 |a xo  |c SK 
072 7 |a 2-1  |x Prirodzená teológia. Náboženská filozofia  |2 konspekt 
080 |a 2-1  |2 2011 
100 1 |a Schmitth, Miklós,  |d 1707-1767  |4 aut  |9 289800 
245 1 0 |a Dum Assertiones Ex Universa Theologia  |b In Alma, Ac Celeberrima Archi-Episcopali Societatis Jesu Universitate Tyrnaviensi, Anno Salutis M. DCC. LIX. Mense Julio, die  |c publice propugnaret Rendus, Nob. Excell. ac Doctiss. Dnus Georgius Nunkovics AA. LL. & phil. Mag. SS. Theol. in 4tum annum Auditor, ejusdemque Baccalaureus Formatus, nec non pro Suprema ejusdem Laurea Candidatus, Seminarii S. Adalberti Alumnus, Presbyter Dioeces. Quinque-Ecclesiensis ; Ex Praelectionibus R.P. Nicolai Schmitth, e S.J. SS. Theol. Doctoris, ejusdemque Professoris Ordin. nec non Inclytae Facultatis Theolog. Decani Spectabilis. Et R.P. Georgii Roman, ex eadem Soc. Jesu, SS. Theol. Doctoris, ejusdemque Professoris Ordinarii 
260 |a [Trnava]  |b [Akademická tlačiareň]  |c Anno Salutis M. DCC. LIX. [=1759] 
300 |a [16] s.  |c 17 cm 
500 |a Ozdobná linka. Ozdobné iniciály. Vineta. Zložky. Kustody 
501 |a Prív. 1. k: CALMET, Augustin. Dissertationes.Tyrnaviae : Typis Academicis Societatis Jesu, 1754.  |5 SNK SD 63205/2/prív.1 
508 |a Venovanie Georgiusa Nunkovicsa 
510 4 |a Petrik  |c V/449 
550 |a Impresum podľa Petrika 
650 0 7 |a teológia  |2 SNKPH  |9 1814 
655 7 |a promočné tlače  |2 SNKPH  |9 73127 
700 1 |a Roman, Juraj,  |d 1712-1770  |4 aut  |9 579024 
700 1 |a Nunkovics, Georgius  |4 dis  |4 dto  |9 631503 
710 2 |a Akademická tlačiareň (Trnava, Slovensko)  |4 prt  |9 232890 
752 |a Slovensko  |d Trnava 
852 |a snk  |p SD 63205/2/prív.1 
958 |a DD 
958 |a ONDV 
999 |c 972467  |d 974397 
952 |a SNK  |b SNK  |y PREZ  |7 0  |p 17A1485071  |o snkSD 63205/2/prív.1  |i snkF 1679/91  |8 5  |0 0  |1 0  |4 0  |d 2022-04-20  |l 0  |r 2026-02-24 10:55:13  |w 2026-02-24